[Event "EU-ch Amateur U2000"]
[Site "Zagreb"]
[Date "2022.08.21"]
[Round "9"]
[White "Martinovic, Josip"]
[Black "Smokvina Korbar, Rajka"]
[Result "1-0"]
[WhiteElo "1707"]
[BlackElo "1771"]
[PlyCount "123"]
[EventDate "2022.08.14"]
[EventType "swiss"]
[EventRounds "9"]
[EventCountry "CRO"]
[SourceTitle "CBM 210 Extra"]
[Source "ChessBase"]
[SourceDate "2022.11.30"]
[SourceVersion "1"]
[SourceVersionDate "2022.11.30"]
[SourceQuality "1"]

1. d4 g6 2. Bf4 d6 3. Nc3 Bg7 4. e4 a6 5. Qd2 Nc6 6. d5 e5 7. Bg5 Nce7 8. h4 h5 9. 0-0-0 Bd7 10. f3 Qc8 11. Kb1 b5 12. Bd3 b4 13. Nce2 a5 14. Nc1 Qb7 15. Qe2 a4 16. Bc4 Bh6 17. g4 a3 18. Nh3 axb2 19. Kxb2 Qa7 20. Rd3 hxg4 21. fxg4 Bxg5 22. Nxg5 Nh6 23. Rg1 Kd8 24. Rf1 Rf8 25. Nh7 Bxg4 26. Qg2 Rh8 27. Nf6 Bh5 28. Nxh5 gxh5 29. Qg7 Ng6 30. Rxf7 Nxf7 31. Qxf7 Nf4 32. Qf6+ Kc8 33. Qxh8+ Kb7 34. Qh7 Nxd3+ 35. cxd3 Qf2+ 36. Kb1 b3 37. Bxb3 Ra5 38. Qxh5 Rc5 39. Qg5 Qf4 40. Qxf4 exf4 41. Ne2 f3 42. Ng3 Rc3 43. Bc2 f2 44. a4 Rc5 45. h5 Ra5 46. Bd1 Ra8 47. Kc1 Rg8 48. Nf1 Kb6 49. Kd2 Kc5 50. Ke3 Rf8 51. Bf3 Ra8 52. Kxf2 Kd4 53. h6 Rh8 54. Ng3 Kxd3 55. Nf5 Ra8 56. Nh4 Rh8 57. Nf5 Ra8 58. Kg3 Rxa4 59. Kf4 Ra8 60. Bh5 Ra4 61. h7 Ra8 62. Bg6 1-0

[Event "EU-ch Amateur U2000"]
[Site "Zagreb"]
[Date "2022.08.20"]
[Round "8"]
[White "Urbanc, Suzana"]
[Black "Martinovic, Josip"]
[Result "0-1"]
[WhiteElo "1686"]
[BlackElo "1707"]
[PlyCount "84"]
[EventDate "2022.08.14"]
[EventType "swiss"]
[EventRounds "9"]
[EventCountry "CRO"]
[SourceTitle "CBM 210 Extra"]
[Source "ChessBase"]
[SourceDate "2022.11.30"]
[SourceVersion "1"]
[SourceVersionDate "2022.11.30"]
[SourceQuality "1"]

1. d4 Nf6 2. Bf4 g6 3. e3 Bg7 4. Nd2 d6 5. h3 0-0 6. Be2 Nbd7 7. Ngf3 c5 8. c3 cxd4 9. exd4 Nd5 10. Bh2 e5 11. dxe5 dxe5 12. Ne4 N7b6 13. Qb3 Nf4 14. Rd1 Qe7 15. Bf1 Bf5 16. Nd6 Be6 17. Qa3 Rfd8 18. c4 Qd7 19. c5 Nc4 20. Qc3 e4 21. Nd4 Nd3+ 22. Bxd3 exd3 23. Rxd3 Nxd6 24. Bxd6 Qa4 25. 0-0 Rac8 26. b3 Qxa2 27. Ra1 Qxb3 28. Qxb3 Bxb3 29. Nxb3 Bxa1 30. Nxa1 Rxc5 31. Bxc5 Rxd3 32. Kh2 a5 33. Bb6 a4 34. Nc2 Rb3 35. Bd4 a3 36. Na1 Rb2 37. Kg3 b5 38. Kf3 b4 39. Ke3 b3 40. Kd3 Rb1 41. Kc3 b2 42. Nc2 Rc1 0-1

[Event "EU-ch Amateur U2000"]
[Site "Zagreb"]
[Date "2022.08.17"]
[Round "5"]
[White "Martinovic, Josip"]
[Black "Petrik, Matus"]
[Result "0-1"]
[WhiteElo "1707"]
[BlackElo "1779"]
[PlyCount "82"]
[EventDate "2022.08.14"]
[EventType "swiss"]
[EventRounds "9"]
[EventCountry "CRO"]
[SourceTitle "CBM 210 Extra"]
[Source "ChessBase"]
[SourceDate "2022.11.30"]
[SourceVersion "1"]
[SourceVersionDate "2022.11.30"]
[SourceQuality "1"]

1. d4 Nf6 2. Bf4 c5 3. e3 cxd4 4. exd4 d5 5. Nf3 Bf5 6. Bb5+ Bd7 7. Bxd7+ Qxd7 8. Nc3 Nc6 9. 0-0 e6 10. Ne5 Nxe5 11. dxe5 Ng8 12. a4 Ne7 13. Nb5 Nc6 14. c4 0-0-0 15. cxd5 Qxd5 16. Qc2 Qc5 17. Qe2 Kb8 18. Rfd1 Be7 19. Nd6 Bxd6 20. exd6 Rd7 21. Rdc1 Qf5 22. Bg3 Rc8 23. a5 a6 24. b4 Nxb4 25. Rxc8+ Kxc8 26. Qe3 Nc6 27. Rc1 Kd8 28. Qb6+ Ke8 29. Rxc6 bxc6 30. Qb8+ Rd8 31. d7+ Kxd7 32. Qb7+ Ke8 33. Qxc6+ Kf8 34. Bd6+ Kg8 35. Qb6 Rc8 36. h3 Qb5 37. Qd4 Qxa5 38. Bb4 Qd8 39. Qg4 Rc1+ 40. Kh2 Qc7+ 41. g3 Qc6 0-1

[Event "Osijek Baranja CupT 13th"]
[Site "Valpovo"]
[Date "2020.02.22"]
[Round "3.3"]
[White "Martinovic, Josip"]
[Black "Ascic, Jozo"]
[Result "1-0"]
[WhiteElo "1687"]
[BlackElo "1825"]
[PlyCount "33"]
[EventDate "2020.02.21"]
[EventType "team-swiss"]
[EventRounds "5"]
[EventCountry "CRO"]
[SourceTitle "EXT 2023"]
[Source "ChessBase"]
[SourceDate "2022.10.05"]
[SourceVersion "1"]
[SourceVersionDate "2022.10.05"]
[SourceQuality "1"]
[WhiteTeam "Valpovo HC"]
[BlackTeam "Djakovo Limmont II"]
[WhiteTeamCountry "CRO"]
[BlackTeamCountry "CRO"]

1. d4 d5 2. c4 c6 3. Nc3 Nf6 4. Nf3 e6 5. Bg5 Be7 6. Qc2 0-0 7. e3 Nbd7 8. Bd3 dxc4 9. Bxc4 h6 10. h4 Nh7 11. Bf4 Ndf6 12. Bd3 h5 13. Ng5 g6 14. Bxg6 fxg6 15. Qxg6+ Kh8 16. Be5 Qe8 17. Qxh7# 1-0

[Event "CRO-chT U20 22nd"]
[Site "Durdevac"]
[Date "2013.03.28"]
[Round "7"]
[White "Martinovic, Josip"]
[Black "Livaic, Leon"]
[Result "0-1"]
[WhiteElo "1553"]
[BlackElo "1939"]
[PlyCount "56"]
[EventDate "2013.03.25"]
[EventType "team-tourn"]
[EventRounds "9"]
[EventCountry "CRO"]
[SourceTitle "CBM 153 Extra"]
[Source "ChessBase"]
[SourceDate "2013.04.22"]
[SourceVersion "1"]
[SourceVersionDate "2013.04.22"]
[SourceQuality "1"]

1. e4 e6 2. d4 d5 3. exd5 exd5 4. Nf3 Nf6 5. Bg5 Be7 6. Bd3 0-0 7. 0-0 Bg4 8. Nbd2 Nbd7 9. c3 c6 10. h3 Bh5 11. Qb3 Qc7 12. Rfe1 Rfe8 13. Qc2 Nf8 14. c4 dxc4 15. Bxc4 h6 16. Bh4 Bg6 17. Qc3 Nh5 18. Bxe7 Rxe7 19. Ne5 Rae8 20. Ndf3 Nf4 21. Qd2 N4e6 22. Rac1 Qd6 23. d5 cxd5 24. Red1 Be4 25. Bxd5 Bxd5 26. Qxd5 Qxd5 27. Rxd5 Nf4 28. Re1 Nxd5 0-1

[Event "Osijek op"]
[Site "Osijek"]
[Date "2013.02.21"]
[Round "2.22"]
[White "Kostanjsek, Zorko"]
[Black "Martinovic, Josip"]
[Result "1-0"]
[WhiteElo "2195"]
[BlackElo "1524"]
[PlyCount "47"]
[EventDate "2013.02.21"]
[EventType "swiss"]
[EventRounds "7"]
[EventCountry "CRO"]
[SourceTitle "EXT 2014"]
[Source "ChessBase"]
[SourceDate "2013.11.20"]
[SourceVersion "1"]
[SourceVersionDate "2013.11.20"]
[SourceQuality "1"]

1. Nf3 Nf6 2. c4 e6 3. g3 d5 4. Bg2 Bc5 5. d4 Bb4+ 6. Bd2 Bxd2+ 7. Nbxd2 0-0 8. Qc2 Nc6 9. 0-0 Re8 10. Rfd1 e5 11. cxd5 Qxd5 12. Nxe5 Nxd4 13. Bxd5 Nxc2 14. Bxf7+ Kh8 15. Bxe8 Nxe8 16. Rac1 Nd4 17. Kf1 Bh3+ 18. Ke1 Bf5 19. Rc4 Rd8 20. Ndf3 Nc2+ 21. Rxc2 Rxd1+ 22. Kxd1 Bxc2+ 23. Kxc2 Nd6 24. Kd3 1-0

[Event "CRO-ch U17"]
[Site "Topusko"]
[Date "2012.07.23"]
[Round "1"]
[White "Martinovic, Josip"]
[Black "Sokac, Marko"]
[Result "0-1"]
[WhiteElo "1559"]
[BlackElo "1951"]
[PlyCount "82"]
[EventDate "2012.??.??"]
[EventType "swiss"]
[EventRounds "9"]
[EventCountry "CRO"]
[SourceTitle "EXT 2013"]
[Source "ChessBase"]
[SourceDate "2012.11.22"]
[SourceVersion "1"]
[SourceVersionDate "2012.11.22"]
[SourceQuality "1"]

1. d4 Nf6 2. Nf3 e6 3. c4 b6 4. Bg5 Bb4+ 5. Nc3 h6 6. Bh4 g5 7. Bg3 Ne4 8. Qc2 Bb7 9. Nd2 Bxc3 10. bxc3 Nxg3 11. hxg3 Nc6 12. e4 Qe7 13. Be2 Ba6 14. e5 Na5 15. Bf3 Rd8 16. Qa4 Kf8 17. Nb3 d6 18. exd6 cxd6 19. Nxa5 bxa5 20. 0-0 Qc7 21. Be2 d5 22. Rfe1 dxc4 23. Bf3 h5 24. Re5 g4 25. Be4 h4 26. Qxa5 Qd6 27. gxh4 Rxh4 28. g3 Rh8 29. Qc5 f5 30. Qxd6+ Rxd6 31. Bg2 Kf7 32. Rc5 Rd7 33. Bf1 Kf6 34. Bg2 Bb7 35. Bxb7 Rxb7 36. Kg2 Rbh7 37. Rg1 Rh2+ 38. Kf1 Rb8 39. Ke2 Rb2+ 40. Ke3 Rhxf2 41. Rxc4 Rf3# 0-1

[Event "Valpovo op U20 4th"]
[Site "Valpovo"]
[Date "2011.12.04"]
[Round "6"]
[White "Vlaicevic, Marko"]
[Black "Martinovic, Josip"]
[Result "0-1"]
[WhiteElo "1689"]
[BlackElo "1556"]
[PlyCount "80"]
[EventDate "2011.12.02"]
[EventType "swiss (rapid)"]
[EventRounds "7"]
[EventCountry "CRO"]
[SourceTitle "EXT 2014"]
[Source "ChessBase"]
[SourceDate "2013.11.20"]
[SourceVersion "1"]
[SourceVersionDate "2013.11.20"]
[SourceQuality "1"]

1. e4 e6 2. d4 d5 3. Nc3 Nf6 4. Bg5 Be7 5. e5 Nfd7 6. Bxe7 Qxe7 7. Qg4 0-0 8. Bd3 f5 9. Qh3 c5 10. dxc5 Nxe5 11. b4 Nxd3+ 12. cxd3 Nc6 13. a3 a5 14. Qe3 d4 15. Nd5 exd5 16. Qxe7 Nxe7 17. b5 Re8 18. Kd2 Bd7 19. b6 Nc6 20. Nf3 Re7 21. Rae1 Rae8 22. g3 h6 23. h4 Kf7 24. Rhg1 Rxe1 25. Rxe1 Rxe1 26. Nxe1 g5 27. Nf3 g4 28. Ne1 Kf6 29. Ke2 Ke5 30. f4+ Kf6 31. Nc2 Nd8 32. Nxd4 Ne6 33. Nxe6 Kxe6 34. Ke3 d4+ 35. Kxd4 a4 36. Kc4 h5 37. d4 Bc6 38. Kc3 Kd5 39. Kd3 Bb5+ 40. Kc3 Ba6 0-1